Catalog

Record Details

Catalog Search



Available copies

  • 2 of 2 copies available at LARL/NWRL Consortium.
  • 2 of 2 copies available at Lake Agassiz Regional Library. (Show)

Current holds

0 current holds with 2 total copies.

Show Only Available Copies
Location Call Number / Copy Notes Barcode Shelving Location Status Due Date
Bagley Public Library SF LAW (Text) 33500014358964 New Available -
Detroit Lakes Public Library SF LAW (Text) 33500014358956 New Available -

Record details

  • ISBN: 9780593818947
  • ISBN: 0593818946
  • Physical Description: 401 pages : map ; 24 cm.
  • Publisher: New York : Ace, 2026.

Content descriptions

Summary, etc.:
"The Academy of Kindness exists to create agents ... Read More
Subject: Goddesses > Fiction.
Revenge > Fiction.
Imaginary wars and battles > Fiction.
Private schools > Fiction.
Mercenary troops > Fiction.
Revenge > Fiction.
Imaginary wars and battles > Fiction.
Genre: Fantasy fiction.
Epic fiction.
Novels.
LDR 03695cam a22006618i 4500
001481852
003LARL_NWRL_CONSORTIUM
00520260407152201.0
008251215t20262026nyub e 000 1 eng
007ta
010 . ‡a 2025047822
040 . ‡aDLC ‡beng ‡erda ‡cDLC ‡dOCLCO ‡dIG# ‡dOCLCO ‡dOCO ‡dOCLCO ‡dRNL ‡dMWD ‡dOCLCO
020 . ‡a9780593818947 ‡q(hardcover)
020 . ‡a0593818946 ‡q(hardcover)
020 . ‡z9780593818930 ‡q(ebook)
035 . ‡a(OCoLC)1528821758
042 . ‡apcc
08200. ‡a813/.6 ‡223/eng/20251215
1001 . ‡aLawrence, Mark, ‡d1966- ‡eauthor. ‡4aut ‡4http://id.loc.gov/vocabulary/relators/aut ‡1https://id.oclc.org/worldcat/entity/E39PBJy4jPF7MYVhpgj8J79bh3 ‡1http://id.loc.gov/rwo/agents/n2011002442 ‡0(LARL_NWRL_CONSORTIUM)220840
24510. ‡aDaughter of crows / ‡cMark Lawrence.
264 1. ‡aNew York : ‡bAce, ‡c2026.
264 4. ‡c©2026.
300 . ‡a401 pages : ‡bmap ; ‡c24 cm.
334 . ‡asingle unit ‡bmono ‡0http://id.loc.gov/vocabulary/issuance/mono
336 . ‡atext ‡btxt ‡2rdacontent ‡0http://id.loc.gov/vocabulary/contentTypes/txt
337 . ‡aunmediated ‡bn ‡2rdamedia ‡0http://id.loc.gov/vocabulary/mediaTypes/n
338 . ‡avolume ‡bnc ‡2rdacarrier ‡0http://id.loc.gov/vocabulary/carriers/nc
4900 . ‡aAcademy of Kindness ; ‡v1
520 . ‡a"The Academy of Kindness exists to create agents of retribution, cast in the image of the Furies -- known as the kindly ones -- against whom even the gods hesitate to stand. Each year a hundred girls are sold to the Academy. Ten years later only three will emerge. The Academy's halls run with blood. The few that survive its decade-long nightmare have been forged on the sands of the Wound Garden. They have learned ancient secrets amid the necrotic fumes of the Bone Garden. They leave its gates as avatars of vengeance, bound to uphold the oldest of laws. Only the most desperate would sell their child to the Kindnesses. But Rue...she sold herself. And now, a lifetime later, a long and bloody lifetime later, just as she has discovered peace, war has been brought to an old woman's doorstep. That was a mistake." -- ‡cProvided by publisher.
650 0. ‡aGoddesses ‡vFiction. ‡0(LARL_NWRL_CONSORTIUM)172322
650 0. ‡aRevenge ‡vFiction. ‡0(LARL_NWRL_CONSORTIUM)167017
650 0. ‡aImaginary wars and battles ‡vFiction. ‡0(LARL_NWRL_CONSORTIUM)165215
650 0. ‡aPrivate schools ‡vFiction. ‡0(LARL_NWRL_CONSORTIUM)174229
650 0. ‡aMercenary troops ‡vFiction. ‡0(LARL_NWRL_CONSORTIUM)166185
650 7. ‡aRevenge ‡vFiction. ‡2sears ‡0(LARL_NWRL_CONSORTIUM)167017
650 7. ‡aImaginary wars and battles ‡vFiction. ‡2sears ‡0(LARL_NWRL_CONSORTIUM)165215
655 7. ‡aFantasy fiction. ‡2lcgft
655 7. ‡aEpic fiction. ‡2lcgft
655 7. ‡aNovels. ‡2lcgft
758 . ‡1http://id.loc.gov/resources/instances/in00024365886
758 . ‡4http://id.loc.gov/ontologies/bibframe/instanceOf ‡1http://id.loc.gov/resources/works/in00024365886
77608. ‡iOnline version ‡4http://id.loc.gov/entities/relationships/onlineversion ‡aLawrence, Mark ‡tDaughter of crows ‡dNew York : Ace, 2026 ‡z9780593818930 ‡w(DLC) 2025047823
884 . ‡aDLC bibframe2marc v3.1-dev ‡g20251215 ‡qDLC ‡uhttps://github.com/lcnetdev/bibframe2marc/tree/v3.1-dev
901 . ‡a481852 ‡bOCoLC ‡c481852 ‡tbiblio ‡soclc

Additional Resources